000 01080cam a2200313 i 4500
001 38116
003 Mx-PuUPA
005 20260109123811.0
008 140415s1991 mx gr 000 0 spa d
020 _a9688590606
040 _aMx-PuUPA
_bspa
_cMx-PuUPA
_dMx-PuUPA
_erda
041 0 _aspa
100 1 _aAzuela Güitrón, Mariano,
_d1936-2025
_94798
_eautor
245 1 0 _aDerecho, sociedad y Estado /
_cMariano Azuela Güitrón
250 _aPrimera edición
264 1 _aMéxico, D.F. :
_bUniversidad Iberoamericana,
_c1991
300 _a389 páginas ;
_c23 cm
336 _2rdacontent
_atexto
_btxt
337 _2rdamedia
_asin medio
_bn
338 _2rdacarrier
_avolumen
_bnc
500 _aReimpresiones: (1a, 1995).
650 7 _2armarc
_aDerecho
_xFilosofía
_xEstudio y enseñanza
650 7 _2armarc
_aDerecho
_zMéxico
650 7 _2armarc
_aDerecho comparado
_xEstudio y enseñanza
650 7 _2armarc
_aJurisprudencia etnológica
_xEstudio y enseñanza
942 _2ddc
_cLI
_h340.115
_iA57
999 _c38116
_d38116